[Event "Latvian Teams Chess Championship Higher League 2019"]
[Site "Riga Chess School, 10 Pernavas Street, Riga, Latvia"]
[Date "2019.06.08"]
[Round "4.1"]
[White "Lanka, Zigurds"]
[Black "Semjonovs, Ilja"]
[Result "1-0"]
[TimeControl "Standard: 90 minutes with 30 second increment from move 1"]
[WhiteTitle "GM"]
[BlackTitle "FM"]
[WhiteFideId "11600047"]
[BlackFideId "11604263"]
[WhiteElo "2400"]
[BlackElo "2383"]

1. e4 {[%clk 01:17:14]} {[%emt 00:13:46]} c5 {[%clk 01:30:45]} {[%emt
00:00:14]} 2. Nf3 {[%clk 01:17:24]} {[%emt 00:00:21]} d6 {[%clk 01:31:07]}
{[%emt 00:00:07]} 3. d4 {[%clk 01:17:47]} {[%emt 00:00:08]} cxd4 {[%clk
01:31:32]} {[%emt 00:00:05]} 4. Nxd4 {[%clk 01:18:09]} {[%emt 00:00:08]} Nf6
{[%clk 01:31:53]} {[%emt 00:00:07]} 5. Nc3 {[%clk 01:18:33]} {[%emt 00:00:08]}
a6 {[%clk 01:32:15]} {[%emt 00:00:08]} 6. h3 {[%clk 01:18:53]} {[%emt
00:00:10]} e6 {[%clk 01:30:13]} {[%emt 00:02:32]} 7. g4 {[%clk 01:17:55]}
{[%emt 00:01:28]} Be7 {[%clk 01:30:14]} {[%emt 00:02:16]} 8. Be3 {[%clk
01:16:11]} {[%emt 00:03:09]} Qc7 {[%clk 01:24:26]} {[%emt 00:06:18]} 9. g5
{[%clk 01:16:07]} {[%emt 00:00:35]} Nfd7 {[%clk 01:24:44]} {[%emt 00:00:11]} 10.
f4 {[%clk 01:16:13]} {[%emt 00:00:26]} b5 {[%clk 01:16:36]} {[%emt 00:08:38]}
11. a3 {[%clk 01:15:01]} {[%emt 00:01:42]} Bb7 {[%clk 01:07:32]} {[%emt
00:09:34]} 12. f5 {[%clk 01:14:32]} {[%emt 00:00:59]} e5 {[%clk 00:56:00]}
{[%emt 00:12:02]} 13. Nde2 {[%clk 01:14:22]} {[%emt 00:00:39]} Nb6 {[%clk
00:55:12]} {[%emt 00:01:18]} 14. Bg2 {[%clk 01:07:58]} {[%emt 00:06:54]} N8d7
{[%clk 00:52:19]} {[%emt 00:03:23]} 15. b3 {[%clk 00:59:32]} {[%emt 00:08:57]}
h6 {[%clk 00:46:54]} {[%emt 00:05:55]} 16. h4 {[%clk 00:56:50]} {[%emt
00:03:12]} hxg5 {[%clk 00:45:11]} {[%emt 00:02:13]} 17. hxg5 {[%clk 00:56:48]}
{[%emt 00:00:32]} Rxh1+ {[%clk 00:45:36]} {[%emt 00:00:05]} 18. Bxh1 {[%clk
00:57:12]} {[%emt 00:00:06]} O-O-O {[%clk 00:41:57]} {[%emt 00:04:08]} 19. Qd2
{[%clk 00:54:37]} {[%emt 00:03:05]} Nc5 {[%clk 00:34:02]} {[%emt 00:08:26]} 20.
Nd5 {[%clk 00:49:51]} {[%emt 00:05:16]} Nxd5 {[%clk 00:32:40]} {[%emt
00:01:51]} 21. exd5 {[%clk 00:50:13]} {[%emt 00:00:09]} Rh8 {[%clk 00:32:49]}
{[%emt 00:00:20]} 22. Ng3 {[%clk 00:46:51]} {[%emt 00:03:52]} Rh3 {[%clk
00:30:14]} {[%emt 00:03:04]} 23. Bf2 {[%clk 00:46:58]} {[%emt 00:00:25]} Qd8
{[%clk 00:25:51]} {[%emt 00:04:52]} 24. f6 {[%clk 00:44:34]} {[%emt 00:02:55]}
gxf6 {[%clk 00:24:34]} {[%emt 00:01:46]} 25. Bg2 {[%clk 00:44:43]} {[%emt
00:00:22]} Rh2 {[%clk 00:19:47]} {[%emt 00:05:16]} 26. Bg1 {[%clk 00:44:54]}
{[%emt 00:00:19]} Rh8 {[%clk 00:17:41]} {[%emt 00:02:36]} 27. a4 {[%clk
00:40:57]} {[%emt 00:04:26]} b4 {[%clk 00:16:35]} {[%emt 00:01:38]} 28. Qxb4
{[%clk 00:40:06]} {[%emt 00:01:20]} fxg5 {[%clk 00:15:43]} {[%emt 00:01:23]} 29.
O-O-O {[%clk 00:38:03]} {[%emt 00:02:33]} Rh4 {[%clk 00:08:21]} {[%emt
00:07:52]} 30. Qc3 {[%clk 00:38:04]} {[%emt 00:00:28]} Kb8 {[%clk 00:04:25]}
{[%emt 00:04:27]} 31. Nf5 {[%clk 00:30:55]} {[%emt 00:07:39]} Rg4 {[%clk
00:03:48]} {[%emt 00:01:07]} 32. Bf3 {[%clk 00:15:30]} {[%emt 00:15:55]} Rxg1
{[%clk 00:01:52]} {[%emt 00:02:27]} 33. Rxg1 {[%clk 00:15:48]} {[%emt
00:00:12]} Bf6 {[%clk 00:01:37]} {[%emt 00:00:44]} 34. Be2 {[%clk 00:13:28]}
{[%emt 00:02:50]} Bc8 {[%clk 00:00:44]} {[%emt 00:01:23]} 35. Rf1 {[%clk
00:13:25]} {[%emt 00:00:33]} e4 {[%clk 00:00:32]} {[%emt 00:00:42]} 36. Qb4+
{[%clk 00:12:56]} {[%emt 00:00:58]} Ka8 {[%clk 00:00:45]} {[%emt 00:00:18]} 37.
a5 {[%clk 00:12:13]} {[%emt 00:01:13]} Be5 {[%clk 00:00:48]} {[%emt 00:00:27]}
38. Kb1 {[%clk 00:11:40]} {[%emt 00:01:03]} Bxf5 {[%clk 00:00:43]} {[%emt
00:00:36]} 39. Rxf5 {[%clk 00:12:04]} {[%emt 00:00:06]} f6 {[%clk 00:00:44]}
{[%emt 00:00:29]} 40. Rf1 {[%clk 00:12:17]} {[%emt 00:00:16]} Qc7 {[%clk
00:00:32]} {[%emt 00:00:42]} 41. c3 {[%clk 00:11:15]} {[%emt 00:01:31]} e3
{[%clk 00:00:38]} {[%emt 00:00:24]} 42. Qc4 {[%clk 00:10:24]} {[%emt 00:01:21]}
Qxa5 {[%clk 00:00:35]} {[%emt 00:00:34]} 43. b4 {[%clk 00:10:44]} {[%emt
00:00:10]} Qb6 {[%clk 00:00:43]} {[%emt 00:00:22]} 44. Kc2 {[%clk 00:10:53]}
{[%emt 00:00:21]} Nb7 {[%clk 00:00:39]} {[%emt 00:00:34]} 45. Rh1 {[%clk
00:08:58]} {[%emt 00:02:24]} a5 {[%clk 00:00:33]} {[%emt 00:00:37]} 46. Qc8+
{[%clk 00:09:09]} {[%emt 00:00:19]} Ka7 {[%clk 00:00:58]} {[%emt 00:00:05]} 47.
Rh8 {[%clk 00:09:35]} {[%emt 00:00:04]} 1-0

[Event "Latvian Teams Chess Championship Higher League 2019"]
[Site "Riga Chess School, 10 Pernavas Street, Riga, Latvia"]
[Date "2019.06.08"]
[Round "4.2"]
[White "Chukavin, Kirill"]
[Black "Krivonosov, Oleg"]
[Result "0-1"]
[TimeControl "Standard: 90 minutes with 30 second increment from move 1"]
[WhiteTitle "FM"]
[BlackTitle "IM"]
[WhiteFideId "4503023"]
[BlackFideId "11600349"]
[WhiteElo "2294"]
[BlackElo "2411"]

1. e4 {[%clk 01:30:51]} {[%emt 00:00:08]} e5 {[%clk 01:30:25]} {[%emt
00:00:35]} 2. Nf3 {[%clk 01:31:07]} {[%emt 00:00:14]} Nc6 {[%clk 01:30:46]}
{[%emt 00:00:11]} 3. Bb5 {[%clk 01:31:21]} {[%emt 00:00:13]} Nf6 {[%clk
01:30:56]} {[%emt 00:00:21]} 4. d3 {[%clk 01:31:28]} {[%emt 00:00:23]} Bc5
{[%clk 01:30:36]} {[%emt 00:00:49]} 5. c3 {[%clk 01:31:42]} {[%emt 00:00:16]}
d5 {[%clk 01:30:35]} {[%emt 00:00:31]} 6. Nbd2 {[%clk 01:21:49]} {[%emt
00:10:24]} O-O {[%clk 01:27:42]} {[%emt 00:03:22]} 7. O-O {[%clk 01:21:28]}
{[%emt 00:00:51]} dxe4 {[%clk 01:26:41]} {[%emt 00:03:20]} 8. dxe4 {[%clk
01:21:32]} {[%emt 00:01:20]} a5 {[%clk 01:26:22]} {[%emt 00:00:49]} 9. Qe2
{[%clk 01:16:28]} {[%emt 00:05:34]} Qe7 {[%clk 01:24:52]} {[%emt 00:01:59]} 10.
Nh4 {[%clk 00:37:56]} {[%emt 00:39:03]} Bg4 {[%clk 01:17:47]} {[%emt 00:07:36]}
11. Ndf3 {[%clk 00:34:53]} {[%emt 00:03:32]} Nh5 {[%clk 01:12:27]} {[%emt
00:05:51]} 12. Nf5 {[%clk 00:32:37]} {[%emt 00:02:45]} Qf6 {[%clk 01:06:54]}
{[%emt 00:06:03]} 13. Be3 {[%clk 00:25:32]} {[%emt 00:07:34]} Nf4 {[%clk
01:02:48]} {[%emt 00:04:37]} 14. Bxf4 {[%clk 00:24:38]} {[%emt 00:01:24]} exf4
{[%clk 01:03:12]} {[%emt 00:00:06]} 15. Bxc6 {[%clk 00:23:42]} {[%emt
00:01:27]} Qxc6 {[%clk 01:01:13]} {[%emt 00:02:29]} 16. h3 {[%clk 00:20:51]}
{[%emt 00:03:20]} Bxf5 {[%clk 00:56:09]} {[%emt 00:05:35]} 17. exf5 {[%clk
00:21:13]} {[%emt 00:00:08]} Rfe8 {[%clk 00:55:56]} {[%emt 00:00:42]} 18. Qc2
{[%clk 00:09:36]} {[%emt 00:12:08]} h6 {[%clk 00:38:27]} {[%emt 00:17:59]} 19.
Rfe1 {[%clk 00:09:02]} {[%emt 00:01:04]} Qd5 {[%clk 00:37:04]} {[%emt
00:01:52]} 20. b3 {[%clk 00:06:37]} {[%emt 00:02:55]} Rad8 {[%clk 00:34:17]}
{[%emt 00:03:17]} 21. Rxe8+ {[%clk 00:03:56]} {[%emt 00:03:12]} Rxe8 {[%clk
00:34:41]} {[%emt 00:00:05]} 22. Rd1 {[%clk 00:04:19]} {[%emt 00:00:08]} Qc6
{[%clk 00:31:52]} {[%emt 00:03:19]} 23. c4 {[%clk 00:03:50]} {[%emt 00:00:58]}
b6 {[%clk 00:28:22]} {[%emt 00:04:00]} 24. Kf1 {[%clk 00:02:42]} {[%emt
00:01:38]} a4 {[%clk 00:25:28]} {[%emt 00:03:24]} 25. bxa4 {[%clk 00:00:44]}
{[%emt 00:02:29]} Bd6 {[%clk 00:22:49]} {[%emt 00:03:08]} 26. Nd4 {[%clk
00:00:53]} {[%emt 00:00:22]} Qc5 {[%clk 00:22:33]} {[%emt 00:00:46]} 27. Nb3
{[%clk 00:00:32]} {[%emt 00:00:50]} Qe5 {[%clk 00:21:36]} {[%emt 00:01:27]} 28.
Nd4 {[%clk 00:00:40]} {[%emt 00:00:23]} Ra8 {[%clk 00:20:01]} {[%emt 00:02:04]}
29. Ne2 {[%clk 00:00:36]} {[%emt 00:00:35]} f3 {[%clk 00:19:38]} {[%emt
00:00:53]} 30. gxf3 {[%clk 00:00:56]} {[%emt 00:00:10]} Qh2 {[%clk 00:17:36]}
{[%emt 00:02:32]} 31. Ng1 {[%clk 00:01:11]} {[%emt 00:00:14]} Re8 {[%clk
00:14:28]} {[%emt 00:03:38]} 32. Qd2 {[%clk 00:01:09]} {[%emt 00:00:32]} Qh1
{[%clk 00:13:48]} {[%emt 00:01:11]} 33. f4 {[%clk 00:00:35]} {[%emt 00:01:03]}
Qe4 {[%clk 00:13:31]} {[%emt 00:00:46]} 34. Qe2 {[%clk 00:00:32]} {[%emt
00:00:34]} Qc6 {[%clk 00:13:08]} {[%emt 00:00:53]} 35. Qc2 {[%clk 00:00:42]}
{[%emt 00:00:21]} Re4 {[%clk 00:11:51]} {[%emt 00:01:46]} 36. c5 {[%clk
00:00:54]} {[%emt 00:00:19]} Rxa4 {[%clk 00:10:55]} {[%emt 00:01:26]} 37. f6
{[%clk 00:00:59]} {[%emt 00:00:25]} Rxf4 {[%clk 00:09:53]} {[%emt 00:01:32]} 38.
fxg7 {[%clk 00:00:50]} {[%emt 00:00:38]} Qxc5 {[%clk 00:09:31]} {[%emt
00:00:52]} 39. Qxc5 {[%clk 00:00:33]} {[%emt 00:00:48]} Bxc5 {[%clk 00:09:53]}
{[%emt 00:00:07]} 40. Rd2 {[%clk 00:00:55]} {[%emt 00:00:08]} Kxg7 {[%clk
00:09:59]} {[%emt 00:00:24]} 41. Kg2 {[%clk 00:01:16]} {[%emt 00:00:09]} Ra4
{[%clk 00:07:08]} {[%emt 00:03:22]} 42. Ne2 {[%clk 00:01:11]} {[%emt 00:00:35]}
Bb4 {[%clk 00:06:59]} {[%emt 00:00:38]} 43. Rc2 {[%clk 00:00:51]} {[%emt
00:00:51]} Bd6 {[%clk 00:07:21]} {[%emt 00:00:07]} 44. Rd2 {[%clk 00:00:32]}
{[%emt 00:00:49]} f5 {[%clk 00:07:01]} {[%emt 00:00:49]} 45. Nc3 {[%clk
00:00:53]} {[%emt 00:00:10]} Rc4 {[%clk 00:06:10]} {[%emt 00:01:52]} 46. Nd5
{[%clk 00:01:11]} {[%emt 00:00:41]} b5 {[%clk 00:05:49]} {[%emt 00:00:52]} 47.
Ne3 {[%clk 00:01:13]} {[%emt 00:00:27]} Rc5 {[%clk 00:06:08]} {[%emt 00:00:10]}
48. Kf3 {[%clk 00:01:19]} {[%emt 00:00:25]} Kf6 {[%clk 00:06:14]} {[%emt
00:00:24]} 49. Rd4 {[%clk 00:00:42]} {[%emt 00:01:07]} h5 {[%clk 00:04:40]}
{[%emt 00:02:05]} 50. a4 {[%clk 00:00:38]} {[%emt 00:00:33]} f4 {[%clk
00:02:49]} {[%emt 00:02:22]} 51. Ng2 {[%clk 00:00:33]} {[%emt 00:00:35]} bxa4
{[%clk 00:02:31]} {[%emt 00:00:48]} 52. Rxa4 {[%clk 00:00:32]} {[%emt
00:00:30]} Rc3+ {[%clk 00:02:33]} {[%emt 00:00:28]} 53. Ke4 {[%clk 00:01:01]}
{[%emt 00:00:02]} Rxh3 {[%clk 00:02:40]} {[%emt 00:00:22]} 54. Ra5 {[%clk
00:01:13]} {[%emt 00:00:17]} Rh2 {[%clk 00:02:18]} {[%emt 00:00:52]} 55. Rf5+
{[%clk 00:01:01]} {[%emt 00:00:43]} Ke7 {[%clk 00:02:12]} {[%emt 00:00:36]} 56.
Kf3 {[%clk 00:00:55]} {[%emt 00:00:36]} Ke6 {[%clk 00:02:11]} {[%emt 00:00:31]}
57. Ra5 {[%clk 00:01:11]} {[%emt 00:00:14]} c5 {[%clk 00:01:28]} {[%emt
00:01:13]} 58. Nxf4+ {[%clk 00:00:33]} {[%emt 00:01:08]} Bxf4 {[%clk 00:01:40]}
{[%emt 00:00:19]} 59. Rxc5 {[%clk 00:00:33]} {[%emt 00:00:30]} Be5 {[%clk
00:01:33]} {[%emt 00:00:37]} 60. Rc8 {[%clk 00:00:34]} {[%emt 00:00:29]} h4
{[%clk 00:01:34]} {[%emt 00:00:29]} 61. Kg4 {[%clk 00:00:34]} {[%emt 00:00:30]}
Bf6 {[%clk 00:01:24]} {[%emt 00:00:39]} 62. f4 {[%clk 00:00:35]} {[%emt
00:00:29]} Rg2+ {[%clk 00:01:48]} {[%emt 00:00:06]} 63. Kh3 {[%clk 00:00:33]}
{[%emt 00:00:32]} Rg3+ {[%clk 00:02:04]} {[%emt 00:00:14]} 64. Kh2 {[%clk
00:01:03]} Kf5 {[%clk 00:02:27]} {[%emt 00:00:07]} 65. Rc5+ {[%clk 00:01:25]}
{[%emt 00:00:07]} Kg4 {[%clk 00:02:38]} {[%emt 00:00:19]} 66. f5 {[%clk
00:01:36]} {[%emt 00:00:19]} Re3 {[%clk 00:02:51]} {[%emt 00:00:17]} 67. Rc4+
{[%clk 00:01:33]} {[%emt 00:00:34]} Kf3 {[%clk 00:02:34]} {[%emt 00:00:46]} 68.
Rc6 {[%clk 00:01:54]} {[%emt 00:00:09]} Re2+ {[%clk 00:02:11]} {[%emt
00:00:53]} 69. Kh3 {[%clk 00:01:49]} {[%emt 00:00:35]} Re1 {[%clk 00:01:06]}
{[%emt 00:01:36]} 70. Rc2 {[%clk 00:02:17]} {[%emt 00:00:01]} Rg1 {[%clk
00:00:47]} {[%emt 00:00:49]} 71. Ra2 {[%clk 00:02:19]} {[%emt 00:00:28]} Rg3
{[%clk 00:01:00]} {[%emt 00:00:17]} 72. Kh2 {[%clk 00:02:48]} Be5 {[%clk
00:01:04]} {[%emt 00:00:26]} 73. Ra5 {[%clk 00:00:33]} {[%emt 00:02:45]} Rg2+
{[%clk 00:01:04]} {[%emt 00:00:31]} 74. Kh1 {[%clk 00:01:01]} {[%emt 00:00:01]}
Re2 {[%clk 00:01:18]} {[%emt 00:00:16]} 75. Ra3+ {[%clk 00:01:26]} {[%emt
00:00:05]} Kf2 {[%clk 00:01:28]} {[%emt 00:00:20]} 0-1

[Event "Latvian Teams Chess Championship Higher League 2019"]
[Site "Riga Chess School, 10 Pernavas Street, Riga, Latvia"]
[Date "2019.06.08"]
[Round "4.3"]
[White "Levchenkov, Vitaly"]
[Black "Golubovskis, Maksims"]
[Result "1-0"]
[TimeControl "Standard: 90 minutes with 30 second increment from move 1"]
[WhiteTitle "FM"]
[WhiteFideId "11600411"]
[BlackFideId "11608528"]
[WhiteElo "2207"]
[BlackElo "2007"]

1. e4 {[%clk 01:30:59]} {[%emt 00:00:01]} c5 {[%clk 01:30:30]} {[%emt
00:00:31]} 2. Nf3 {[%clk 01:30:48]} {[%emt 00:00:41]} Nc6 {[%clk 01:30:32]}
{[%emt 00:00:29]} 3. d4 {[%clk 01:31:03]} {[%emt 00:00:13]} cxd4 {[%clk
01:31:00]} {[%emt 00:00:02]} 4. Nxd4 {[%clk 01:31:24]} {[%emt 00:00:09]} Nf6
{[%clk 01:31:23]} {[%emt 00:00:07]} 5. Nc3 {[%clk 01:31:33]} {[%emt 00:00:21]}
e5 {[%clk 01:31:07]} {[%emt 00:00:46]} 6. Ndb5 {[%clk 01:31:46]} {[%emt
00:00:17]} d6 {[%clk 01:31:35]} {[%emt 00:00:04]} 7. Bg5 {[%clk 01:31:47]}
{[%emt 00:00:26]} a6 {[%clk 01:32:00]} {[%emt 00:00:06]} 8. Bxf6 {[%clk
01:31:50]} {[%emt 00:00:27]} gxf6 {[%clk 01:32:25]} {[%emt 00:00:06]} 9. Na3
{[%clk 01:32:16]} {[%emt 00:00:04]} f5 {[%clk 01:31:54]} {[%emt 00:01:00]} 10.
Bc4 {[%clk 01:30:42]} {[%emt 00:02:03]} b5 {[%clk 01:14:07]} {[%emt 00:21:00]}
11. Bd5 {[%clk 01:31:03]} {[%emt 00:00:08]} Qc7 {[%clk 01:14:08]} {[%emt
00:00:31]} 12. Ne2 {[%clk 01:29:24]} {[%emt 00:02:07]} Be6 {[%clk 01:10:31]}
{[%emt 00:04:09]} 13. exf5 {[%clk 01:27:09]} {[%emt 00:02:45]} Bxf5 {[%clk
01:10:40]} {[%emt 00:00:21]} 14. Ng3 {[%clk 01:26:22]} {[%emt 00:01:17]} Be6
{[%clk 01:09:59]} {[%emt 00:01:10]} 15. c3 {[%clk 01:26:07]} {[%emt 00:00:46]}
Rd8 {[%clk 01:08:55]} {[%emt 00:01:34]} 16. Ne4 {[%clk 01:23:39]} {[%emt
00:02:56]} Be7 {[%clk 00:58:45]} {[%emt 00:10:41]} 17. Nc2 {[%clk 01:16:18]}
{[%emt 00:07:50]} O-O {[%clk 00:52:07]} {[%emt 00:07:10]} 18. Bxe6 {[%clk
01:14:11]} {[%emt 00:02:37]} fxe6 {[%clk 00:52:29]} {[%emt 00:00:08]} 19. Qg4+
{[%clk 01:14:35]} {[%emt 00:00:05]} Kh8 {[%clk 00:52:43]} {[%emt 00:00:17]} 20.
Qxe6 {[%clk 01:14:47]} {[%emt 00:00:18]} d5 {[%clk 00:53:03]} {[%emt 00:00:11]}
21. Ng3 {[%clk 01:14:50]} {[%emt 00:00:26]} Rf6 {[%clk 00:51:41]} {[%emt
00:01:53]} 22. Qg4 {[%clk 01:12:33]} {[%emt 00:02:46]} Rdf8 {[%clk 00:51:09]}
{[%emt 00:01:02]} 23. Rf1 {[%clk 01:03:17]} {[%emt 00:09:45]} Bc5 {[%clk
00:45:46]} {[%emt 00:05:54]} 24. Ne3 {[%clk 01:02:26]} {[%emt 00:01:21]} Ne7
{[%clk 00:43:22]} {[%emt 00:02:55]} 25. Qe2 {[%clk 00:58:40]} {[%emt 00:04:14]}
b4 {[%clk 00:31:55]} {[%emt 00:11:58]} 26. Ng4 {[%clk 00:57:07]} {[%emt
00:02:01]} bxc3 {[%clk 00:26:10]} {[%emt 00:06:17]} 27. Nxf6 {[%clk 00:53:31]}
{[%emt 00:04:06]} cxb2 {[%clk 00:26:24]} {[%emt 00:00:16]} 28. Qxb2 {[%clk
00:51:54]} {[%emt 00:02:06]} Rxf6 {[%clk 00:21:12]} {[%emt 00:05:43]} 29. Rc1
{[%clk 00:39:59]} {[%emt 00:12:24]} Rc6 {[%clk 00:11:38]} {[%emt 00:10:05]} 30.
Ke2 {[%clk 00:38:49]} {[%emt 00:01:39]} Ng6 {[%clk 00:09:56]} {[%emt 00:02:13]}
31. Rfd1 {[%clk 00:38:51]} {[%emt 00:00:27]} Rf6 {[%clk 00:05:40]} {[%emt
00:04:47]} 32. Kf1 {[%clk 00:37:59]} {[%emt 00:01:21]} Qe7 {[%clk 00:02:53]}
{[%emt 00:03:18]} 33. f3 {[%clk 00:36:41]} {[%emt 00:00:46]} Nh4 {[%clk
00:01:20]} {[%emt 00:03:05]} 34. Rxd5 {[%clk 00:35:58]} {[%emt 00:01:14]} Nxf3
{[%clk 00:00:32]} {[%emt 00:01:17]} 35. Rdxc5 {[%clk 00:35:54]} {[%emt
00:00:35]} Nd4+ {[%clk 00:00:31]} {[%emt 00:00:30]} 36. Kg1 {[%clk 00:36:13]}
{[%emt 00:00:11]} Nb5 {[%clk 00:00:31]} {[%emt 00:00:30]} 37. Qxe5 {[%clk
00:36:21]} {[%emt 00:00:21]} 1-0

[Event "Latvian Teams Chess Championship Higher League 2019"]
[Site "Riga Chess School, 10 Pernavas Street, Riga, Latvia"]
[Date "2019.06.08"]
[Round "4.4"]
[White "Jazdanovs, Aleksandrs"]
[Black "Ozols, Andris"]
[Result "1-0"]
[TimeControl "Standard: 90 minutes with 30 second increment from move 1"]
[WhiteFideId "11604492"]
[BlackFideId "11605456"]
[WhiteElo "2232"]
[BlackElo "1684"]

1. Nf3 {[%clk 01:30:01]} {[%emt 00:00:59]} Nf6 {[%clk 01:29:29]} {[%emt
00:01:32]} 2. g3 {[%clk 01:30:09]} {[%emt 00:00:21]} g6 {[%clk 01:29:03]}
{[%emt 00:00:55]} 3. b3 {[%clk 01:28:45]} {[%emt 00:01:55]} Bg7 {[%clk
01:29:13]} {[%emt 00:00:19]} 4. Bb2 {[%clk 01:28:52]} {[%emt 00:00:23]} d6
{[%clk 01:28:22]} {[%emt 00:01:21]} 5. d4 {[%clk 01:27:21]} {[%emt 00:02:01]}
O-O {[%clk 01:25:11]} {[%emt 00:03:42]} 6. Bg2 {[%clk 01:26:47]} {[%emt
00:01:03]} c5 {[%clk 01:22:44]} {[%emt 00:02:57]} 7. Nbd2 {[%clk 01:20:43]}
{[%emt 00:09:17]} cxd4 {[%clk 01:22:40]} {[%emt 00:00:36]} 8. Nxd4 {[%clk
01:19:50]} {[%emt 00:01:22]} d5 {[%clk 01:22:50]} {[%emt 00:00:20]} 9. e3
{[%clk 01:17:06]} {[%emt 00:03:14]} Nc6 {[%clk 01:18:27]} {[%emt 00:04:53]} 10.
O-O {[%clk 01:15:44]} {[%emt 00:01:52]} Re8 {[%clk 01:17:53]} {[%emt 00:01:04]}
11. c4 {[%clk 01:13:20]} {[%emt 00:02:54]} Nxd4 {[%clk 01:03:38]} {[%emt
00:14:45]} 12. Bxd4 {[%clk 01:09:50]} {[%emt 00:04:00]} e5 {[%clk 00:59:35]}
{[%emt 00:04:33]} 13. Bb2 {[%clk 01:07:42]} {[%emt 00:02:37]} Bg4 {[%clk
00:58:24]} {[%emt 00:01:42]} 14. Bf3 {[%clk 01:04:15]} {[%emt 00:03:56]} Bh3
{[%clk 00:53:39]} {[%emt 00:05:16]} 15. Re1 {[%clk 01:04:01]} {[%emt 00:00:43]}
e4 {[%clk 00:53:36]} {[%emt 00:00:34]} 16. Bh1 {[%clk 01:04:25]} {[%emt
00:00:06]} Ng4 {[%clk 00:51:25]} {[%emt 00:02:41]} 17. Bxg7 {[%clk 01:04:32]}
{[%emt 00:00:23]} Kxg7 {[%clk 00:51:54]} {[%emt 00:00:01]} 18. cxd5 {[%clk
01:02:29]} {[%emt 00:02:33]} Qf6 {[%clk 00:51:53]} {[%emt 00:00:31]} 19. Qe2
{[%clk 01:02:52]} {[%emt 00:00:06]} h5 {[%clk 00:49:59]} {[%emt 00:02:25]} 20.
Nxe4 {[%clk 01:00:17]} {[%emt 00:03:05]} Rxe4 {[%clk 00:50:02]} {[%emt
00:00:27]} 21. Bxe4 {[%clk 01:00:40]} {[%emt 00:00:07]} Re8 {[%clk 00:50:13]}
{[%emt 00:00:19]} 22. Bg2 {[%clk 00:59:47]} {[%emt 00:01:21]} 1-0